000 01296nam0a22002891 4500
001 rc\2945269
005 20240514162846.0
035 _a(NLR Aleph) 007093592
090 _a6599154
_c6599154
100 _a20110827d1939 |||y0rusy50 ca
101 0 _arus
102 _aRU
105 _aa b |||||
200 1 _aˆ[‰Каталог]
_fВера Михайловна Невежина, А.Н. Замятина, М.З. Мсерьянц
_gГос. музей изобр. искусств им. А.С. Пушкина
210 _aМосква
_cМузей им. А. С. Пушкина
_d1939
215 _a40 с., включ. 2 с. обл., 9 л. ил.
_cил.
_d14 см
300 _aНа обороте тит. л. указаны составители: В.М. Невежина, А.Н. Замятина, М.З. Мсерьянц и др.
702 1 _aНевежина
_bВ. М.
_gВера Михайловна
_4220
702 1 _aЗамятина
_bА. Н.
_4220
702 1 _aМсерьянц
_bМ. З.
_4220
710 1 2 _aПередвижная выставка живописи и гравюры западных мастеров XV-XIX вв.
_f1937-1939
801 0 _aRU
_bNLR
_gpsbo
801 1 _aRU
_bELAR
_2rusmarc
852 _aNLR
_jс891-656/З-30
942 _cBOOK
980 _aNB